000 00386nam a22001337a 4500
020 _a13:978-007-125920-0
082 _a910.285
_bCHA
100 _atsungchang,kang.
_9129230
245 _aintroduction to geographic information systems
_ckang-tsungchang
260 _anew york
_bmcGraw-Hill
_c2008
300 _bill:diagrams,map.
_c23cm
590 _6..
942 _2ddc
_cBK
_efourth Edition
999 _c613921
_d613921